<?xml version="1.0" encoding="UTF-8"?>
<collection xmlns="http://www.loc.gov/MARC21/slim">
 <record>
  <leader>01349nam a2200217Ia 4500</leader>
  <controlfield tag="001">TDMU_34485</controlfield>
  <controlfield tag="008">210410s9999    xx            000 0 und d</controlfield>
  <datafield tag="082" ind1=" " ind2=" ">
   <subfield code="a">530.15</subfield>
  </datafield>
  <datafield tag="090" ind1=" " ind2=" ">
   <subfield code="b">KRZ611</subfield>
  </datafield>
  <datafield tag="100" ind1=" " ind2=" ">
   <subfield code="a">Krzyzak,  Adam</subfield>
  </datafield>
  <datafield tag="245" ind1=" " ind2="0">
   <subfield code="a">Computer vision and shape recognition</subfield>
  </datafield>
  <datafield tag="245" ind1=" " ind2="0">
   <subfield code="c">editors, Adam Krzyzak, Tony Kasvand, and Ching Y. Suen</subfield>
  </datafield>
  <datafield tag="260" ind1=" " ind2=" ">
   <subfield code="a">Singapore</subfield>
  </datafield>
  <datafield tag="260" ind1=" " ind2=" ">
   <subfield code="b">World Scientific</subfield>
  </datafield>
  <datafield tag="260" ind1=" " ind2=" ">
   <subfield code="c">1989</subfield>
  </datafield>
  <datafield tag="300" ind1=" " ind2=" ">
   <subfield code="a">ix, 451 pages</subfield>
  </datafield>
  <datafield tag="520" ind1=" " ind2=" ">
   <subfield code="a">&quot;Composed of selected and expanded papers presented at the Vision Interface '88 Conference in Edmonton, Alberta, Canada, June 6-10, 1988&quot;--Frwd.; This is an up-to-date volume of selected and expanded papers originating from Vision Interface 88, a conference held in Edmonton, Canada. A broad range of topics are covered-from image processing to hardware design. They include robot vision, biomedical imaging, remote sensing and parallel processing, shape recognition and features, computational methods in vision, and three dimensional vision and application</subfield>
  </datafield>
  <datafield tag="650" ind1=" " ind2=" ">
   <subfield code="a">Computer vision</subfield>
   <subfield code="v">Congresses; Pattern recognition systems</subfield>
   <subfield code="v">Congresses.; Hệ thống nhận dạng mẫu</subfield>
   <subfield code="v">Hội thảo</subfield>
  </datafield>
  <datafield tag="700" ind1=" " ind2=" ">
   <subfield code="a">Vision Interface '88 Conference</subfield>
  </datafield>
  <datafield tag="856" ind1=" " ind2=" ">
   <subfield code="u">http://lrc.tdmu.edu.vn/opac/search/detail.asp?aID=2&amp;ID=34485</subfield>
  </datafield>
  <datafield tag="980" ind1=" " ind2=" ">
   <subfield code="a">Trung tâm Học liệu Trường Đại học Thủ Dầu Một</subfield>
  </datafield>
 </record>
</collection>
